[Event "Madrid San Viator op-B 28th"]
[Site "Madrid"]
[Date "2017.06.04"]
[Round "9"]
[White "Bermejo Jimenez, Adolfo"]
[Black "Algaba Traspuesto, Jose Antonio"]
[Result "1-0"]
[WhiteElo "1422"]
[BlackElo "1568"]
[PlyCount "93"]
[EventDate "2017.03.26"]
[EventType "swiss"]
[EventRounds "9"]
[EventCountry "ESP"]
[SourceTitle "EXT 2019"]
[Source "ChessBase"]
[SourceDate "2018.10.10"]
[SourceVersion "1"]
[SourceVersionDate "2018.10.10"]
[SourceQuality "1"]

1. e4 e6 2. d4 d5 3. e5 c5 4. c4 dxc4 5. Bxc4 Qxd4 6. Qxd4 cxd4 7. Nf3 Bb4+ 8. Bd2 Bxd2+ 9. Nbxd2 Nc6 10. Nb3 Nge7 11. Nbxd4 Bd7 12. 0-0 a6 13. Rad1 Nxd4 14. Nxd4 Nc6 15. f4 Ke7 16. a3 Rhd8 17. Rd2 Nxd4 18. Rxd4 Bc6 19. Rfd1 Rxd4 20. Rxd4 Rd8 21. Rxd8 Kxd8 22. b4 g6 23. Kf2 Kc7 24. g4 b5 25. Ba2 Kb6 26. Ke3 a5 27. Kd4 axb4 28. axb4 h6 29. Bb1 Bf3 30. h3 h5 31. g5 Bg2 32. h4 Bd5 33. f5 gxf5 34. Bxf5 Kc6 35. Be4 Bxe4 36. Kxe4 Kd7 37. Kd4 Kc6 38. Ke4 Kd7 39. Kf4 Kc6 40. g6 fxg6 41. Kg5 Kd5 42. Kf6 g5 43. hxg5 h4 44. g6 h3 45. g7 h2 46. g8Q h1Q 47. Qa8+ 1-0